00277nam a22001097a 4500020001500000082001200015100001700027245005600044260003900100300000800139650002000147 a8178210886 a226 THO aThomas, M.M. aCrucified Jesus: The Lord of The World [Luke 19-24] aTiruvalla, KeralabCSS Booksc2008 a117 aGospels & Acts